Munkán az NDK-ban
Elmentve itt :
| Szerző: | |
|---|---|
| Dokumentumtípus: | Cikk |
| Megjelent: |
1974-09-22
|
| Sorozat: | Délmagyarország
64 No. 222 |
| Kulcsszavak: | Kecskeméti Illés, Ördögh Zoltán, Paprikafeldolgozó Vállalat, VOLÁN |
| Online Access: | http://dmarchiv.bibl.u-szeged.hu/95670 |
| LEADER | 00498nab a2200157 i 4500 | ||
|---|---|---|---|
| 001 | delm95670 | ||
| 005 | 20190411131602.0 | ||
| 008 | 190411s1974 hu o 0|| hun d | ||
| 040 | |a SZTE Délmagyarország Archívum |b hun | ||
| 041 | |a hun | ||
| 100 | 1 | |a Bálint Ibolya | |
| 245 | 1 | 0 | |a Munkán az NDK-ban |h [elektronikus dokumentum] / |c Bálint Ibolya |
| 260 | |c 1974-09-22 | ||
| 300 | |a 5 | ||
| 490 | 0 | |a Délmagyarország |v 64 No. 222 | |
| 695 | |a Kecskeméti Illés, Ördögh Zoltán, Paprikafeldolgozó Vállalat, VOLÁN | ||